Inflation control : Myth or reality?
Saved in:
| Format: | Book |
|---|---|
| Language: | Undetermined |
| Published: |
New York
National Association of Manufacturers
1969
|
| Subjects: | |
| Tags: |
Add Tag
No Tags, Be the first to tag this record!
|
| Institutions: | Trung tâm Học liệu Trường Đại học Cần Thơ |
|---|
| LEADER | 00453nam a2200169Ia 4500 | ||
|---|---|---|---|
| 001 | CTU_79904 | ||
| 008 | 210402s9999 xx 000 0 und d | ||
| 082 | |a 332.41 | ||
| 082 | |b I.43 | ||
| 245 | 0 | |a Inflation control : | |
| 245 | 0 | |b Myth or reality? | |
| 260 | |a New York | ||
| 260 | |b National Association of Manufacturers | ||
| 260 | |c 1969 | ||
| 650 | |a Inflation | ||
| 904 | |i Trọng Hải | ||
| 980 | |a Trung tâm Học liệu Trường Đại học Cần Thơ | ||